| 000 | 00533cam a2200217ua 4500 | ||
|---|---|---|---|
| 001 | 8226 | ||
| 005 | 20260515114316.0 | ||
| 008 | 150110n ii |||gr||||Z||||||hin | ||
| 020 | _a8171197418 | ||
| 040 | _cMAIN | ||
| 041 | _ahin | ||
| 082 | _a891.433 | ||
| 100 |
_aKumar, D., _eAuthor. |
||
| 245 | 1 |
_aAangan mein ek vriksha _cBy Dushyant Kumar |
|
| 250 | _a10th. | ||
| 260 |
_aNew Delhi: _bRadhakrishna, _c2005. |
||
| 300 | _a106p. | ||
| 653 | _aEast Indo-European & Celtic literatures | ||
| 653 | _aHindi novels | ||
| 942 | _cBK | ||
| 999 |
_c7336 _d7336 |
||